Webster`s New Thesaurus of the English Language
Es un diccionario de sinónimos y antónimos en idioma inglés (monolingüe). Presenta gran cantidad de palabras que se relacionan con otras y/o dicen lo opuesto. Este material de referencia es de gran utilidad, principalmente cuando se está redactando algún ensayo, documento u otros, en el que no se qu...
Gorde:
| Formatua: | Liburua |
|---|---|
| Hizkuntza: | English |
| Argitaratua: |
New York, Estados Unidos
Merriam-Webster
2002
|
| Gaiak: | |
| Etiketak: |
Etiketa erantsi
Etiketarik gabe, Izan zaitez lehena erregistro honi etiketa jartzen!
|
MARC
| LEADER | 00000nam a22000007a 4500 | ||
|---|---|---|---|
| 008 | 180409b xxu||||| |||| 00| 0 eng d | ||
| 020 | |a 1-59027-056-8 | ||
| 040 | |a cru BVZT | ||
| 090 | |a R-413 W-1w SIN-ANT ING-ING | ||
| 245 | |a Webster`s New Thesaurus of the English Language |c / Merriam–Webster | ||
| 260 | |a New York, Estados Unidos |c 2002 |b Merriam-Webster | ||
| 300 | |a 362 páginas | ||
| 520 | |a Es un diccionario de sinónimos y antónimos en idioma inglés (monolingüe). Presenta gran cantidad de palabras que se relacionan con otras y/o dicen lo opuesto. Este material de referencia es de gran utilidad, principalmente cuando se está redactando algún ensayo, documento u otros, en el que no se quiere repetir palabras consecutivamente. | ||
| 650 | |a REFERENCIA |9 27 | ||
| 650 | |a DICCIONARIO DE SINÓNIMOS Y ANTÓNIMOS EN INGLÉS |9 2169 | ||
| 942 | |c REF |2 z | ||
| 999 | |c 31032 |d 31032 | ||



